[Event "Barcelona Sant Marti op-B 16th"]
[Site "Barcelona"]
[Date "2014.07.20"]
[Round "8"]
[White "Ferrer Ache, Jesus"]
[Black "Vargas Ramirez, Ana Maria"]
[Result "0-1"]
[WhiteElo "1728"]
[BlackElo "1796"]
[PlyCount "52"]
[EventDate "2014.07.13"]
[EventType "swiss"]
[EventRounds "9"]
[EventCountry "ESP"]
[SourceTitle "CBM 161 Extra"]
[Source "ChessBase"]
[SourceDate "2014.08.29"]
[SourceVersion "1"]
[SourceVersionDate "2014.08.29"]
[SourceQuality "1"]

1. c4 e5 2. e4 Nf6 3. Nc3 Bc5 4. d3 h6 5. h3 Nc6 6. Be3 d6 7. Be2 Bd7 8. Nf3 a5 9. 0-0 Qc8 10. Nh2 g5 11. Kh1 Ne7 12. Nd5 Nh7 13. Bh5 Ng6 14. Ng4 Qd8 15. Nxh6 c6 16. Bxc5 dxc5 17. Ne3 Nf6 18. Nhf5 Nxh5 19. Kh2 Nhf4 20. Rh1 Bxf5 21. Nxf5 Qf6 22. f3 Nh4 23. Rg1 Nxf5 24. exf5 Qxf5 25. Kg3 Nxd3 26. Qe2 Qf4# 0-1

[Event "Barcelona Sant Marti op-B 16th"]
[Site "Barcelona"]
[Date "2014.07.19"]
[Round "7"]
[White "Vargas Ramirez, Ana Maria"]
[Black "Sanchez Paz, Josep"]
[Result "0-1"]
[WhiteElo "1796"]
[BlackElo "1882"]
[PlyCount "124"]
[EventDate "2014.07.13"]
[EventType "swiss"]
[EventRounds "9"]
[EventCountry "ESP"]
[SourceTitle "CBM 161 Extra"]
[Source "ChessBase"]
[SourceDate "2014.08.29"]
[SourceVersion "1"]
[SourceVersionDate "2014.08.29"]
[SourceQuality "1"]

1. e4 c5 2. Nf3 Nc6 3. d4 cxd4 4. Nxd4 Nf6 5. Nc3 e5 6. Ndb5 d6 7. Bg5 a6 8. Bxf6 gxf6 9. Na3 d5 10. Qxd5 Be6 11. Qxd8+ Rxd8 12. Nc4 Nb4 13. Ne3 Bh6 14. a3 Bxe3 15. axb4 Bd2+ 16. Ke2 Rd4 17. f3 Bc4+ 18. Kf2 Bxf1 19. Rhxf1 Bxc3 20. bxc3 Rd2+ 21. Kg1 Rxc2 22. Rfd1 Rg8 23. g3 Rxc3 24. Rd6 Rg6 25. Rad1 Rc7 26. Rd8+ Ke7 27. Rh8 Rd7 28. Rxd7+ Kxd7 29. Rxh7 Ke7 30. Rh8 f5 31. exf5 Rb6 32. Rh4 Rf6 33. g4 e4 34. g5 Rxf5 35. Rxe4+ Kd6 36. f4 Kd5 37. Re7 Kc6 38. h4 Rxf4 39. Kg2 Rxh4 40. Kg3 Rxb4 41. Rxf7 Kd6 42. g6 Ke6 43. Rc7 Rb5 44. Kg4 Kf6 45. g7 Rg5+ 46. Kf4 Rxg7 47. Rc5 Ke6 48. Ke4 Kd6 49. Rc8 Rc7 50. Ra8 Kc5 51. Kd3 Kb4 52. Ra7 a5 53. Kd2 a4 54. Kd1 a3 55. Kd2 Kb3 56. Ra5 Rc4 57. Rb5+ Rb4 58. Rc5 Ka2 59. Kc2 b5 60. Kd2 Rb2+ 61. Kc1 b4 62. Rc4 b3 0-1

[Event "Barcelona Sant Marti op-B 16th"]
[Site "Barcelona"]
[Date "2014.07.17"]
[Round "5"]
[White "Vargas Ramirez, Ana Maria"]
[Black "Olive Oller, Guim"]
[Result "0-1"]
[WhiteElo "1796"]
[BlackElo "1989"]
[PlyCount "64"]
[EventDate "2014.07.13"]
[EventType "swiss"]
[EventRounds "9"]
[EventCountry "ESP"]
[SourceTitle "CBM 161 Extra"]
[Source "ChessBase"]
[SourceDate "2014.08.29"]
[SourceVersion "1"]
[SourceVersionDate "2014.08.29"]
[SourceQuality "1"]

1. e4 c5 2. Nf3 Nc6 3. Nc3 d6 4. d4 cxd4 5. Nxd4 Nf6 6. Be2 g6 7. Be3 Bg7 8. f3 0-0 9. Qd2 a6 10. 0-0-0 Bd7 11. Nxc6 Bxc6 12. g4 Qa5 13. Kb1 b5 14. Nd5 Qd8 15. Nxf6+ Bxf6 16. h4 a5 17. h5 a4 18. Rh3 Qa5 19. Qxa5 Rxa5 20. Rdh1 g5 21. h6 b4 22. Bb6 Raa8 23. Rd1 b3 24. cxb3 axb3 25. a3 Rfc8 26. Rc1 d5 27. exd5 Bxd5 28. Rhh1 Rc2 29. Rxc2 bxc2+ 30. Kxc2 Rb8 31. Rd1 e6 32. Bd4 Bb3+ 0-1

[Event "Barcelona Sant Marti op-B 15th"]
[Site "Barcelona"]
[Date "2013.07.21"]
[Round "9"]
[White "Vargas Ramirez, Ana Maria"]
[Black "Serentill Tost, Eduard"]
[Result "1-0"]
[WhiteElo "1836"]
[BlackElo "1665"]
[PlyCount "99"]
[EventDate "2013.07.13"]
[EventType "swiss"]
[EventRounds "9"]
[EventCountry "ESP"]
[SourceTitle "CBM 155 Extra"]
[Source "ChessBase"]
[SourceDate "2013.08.26"]
[SourceVersion "1"]
[SourceVersionDate "2013.08.26"]
[SourceQuality "1"]

1. e4 e6 2. d4 d5 3. e5 c5 4. c3 Qb6 5. Bd3 Nc6 6. Nf3 Bd7 7. Bc2 cxd4 8. cxd4 Nh6 9. Nc3 Rc8 10. a3 g6 11. 0-0 Bg7 12. Rb1 a6 13. Na4 Qc7 14. Bd3 0-0 15. b4 f6 16. Re1 fxe5 17. Bxh6 Bxh6 18. Nxe5 Nxd4 19. Nxd7 Qxd7 20. Nb6 Qf7 21. Nxc8 Qxf2+ 22. Kh1 Rxc8 23. Qa4 Qf7 24. b5 Nxb5 25. Bxb5 axb5 26. Qxb5 Rc7 27. Qb6 Re7 28. Qd8+ Re8 29. Qd6 Re7 30. Rf1 Qe8 31. Rb6 Be3 32. Rb3 Bd4 33. Rfb1 b6 34. Re1 Bc5 35. Qe5 Rf7 36. h3 Rd7 37. Rf3 Rf7 38. Qxd5 Rxf3 39. Qxf3 Qf8 40. Qxf8+ Kxf8 41. Rxe6 Bxa3 42. Rxb6 Kg7 43. Rb7+ Kh6 44. g4 g5 45. Kg2 Kg6 46. Kf3 Bc5 47. Ke4 Bf8 48. Rb6+ Kf7 49. Kf5 h6 50. Rb7+ 1-0

[Event "Barcelona Sant Marti op-B 15th"]
[Site "Barcelona"]
[Date "2013.07.19"]
[Round "7"]
[White "Vargas Ramirez, Ana Maria"]
[Black "Lopez Mayoral, Miguel Angel"]
[Result "1-0"]
[WhiteElo "1836"]
[BlackElo "1645"]
[PlyCount "87"]
[EventDate "2013.07.13"]
[EventType "swiss"]
[EventRounds "9"]
[EventCountry "ESP"]
[SourceTitle "CBM 155 Extra"]
[Source "ChessBase"]
[SourceDate "2013.08.26"]
[SourceVersion "1"]
[SourceVersionDate "2013.08.26"]
[SourceQuality "1"]

1. e4 e5 2. Nf3 Nc6 3. Bb5 a6 4. Ba4 Nf6 5. 0-0 b5 6. Bb3 Be7 7. Re1 d6 8. c3 Na5 9. Bc2 Bg4 10. d3 c5 11. Nbd2 0-0 12. Nf1 Nc6 13. Ng3 Qc8 14. h3 Bd7 15. Kh2 a5 16. Be3 b4 17. d4 cxd4 18. cxd4 exd4 19. Nxd4 Ne5 20. Ndf5 Re8 21. Nxe7+ Rxe7 22. b3 Qc6 23. Rc1 Ng6 24. Bg5 Qb6 25. Qd2 Rae8 26. Bxf6 gxf6 27. Nh5 Kh8 28. Nxf6 Rd8 29. Qh6 Nf8 30. Nd5 Qxf2 31. Nxe7 Qd4 32. Qh4 Qe5+ 33. Kh1 f6 34. Rf1 Qxe7 35. Qxf6+ Qxf6 36. Rxf6 Ne6 37. Bd3 Kg7 38. Rff1 Nc5 39. Bb1 Re8 40. Rfd1 Nxe4 41. Bxe4 Rxe4 42. Rc7 Re7 43. Rxd6 Re1+ 44. Kh2 1-0

[Event "Barcelona Sant Marti op-B 14th"]
[Site "Barcelona"]
[Date "2012.07.18"]
[Round "6"]
[White "Dayan Sutton, Isaac"]
[Black "Vargas Ramirez, Ana Maria"]
[Result "1-0"]
[WhiteElo "1891"]
[BlackElo "1831"]
[PlyCount "61"]
[EventDate "2012.07.13"]
[EventType "swiss"]
[EventRounds "9"]
[EventCountry "ESP"]
[SourceTitle "CBM 149 Extra"]
[Source "ChessBase"]
[SourceDate "2012.08.24"]
[SourceVersion "1"]
[SourceVersionDate "2012.08.24"]
[SourceQuality "1"]

1. e4 c5 2. Nf3 e6 3. d3 d5 4. Qe2 dxe4 5. dxe4 Nc6 6. g3 e5 7. Bg2 Bg4 8. c3 Nf6 9. h3 Be6 10. 0-0 h6 11. Rd1 Qc7 12. Nh2 Be7 13. Na3 0-0 14. b3 Rad8 15. Bb2 Qc8 16. h4 a6 17. Nc4 b5 18. Nb6 Qb8 19. Nd5 Rd7 20. Nf1 Ng4 21. Rd2 Kh8 22. Rad1 Rfd8 23. Bh3 Nxf2 24. Bxe6 Nxd1 25. Bxd7 Nxc3 26. Nxc3 Nd4 27. Qg4 Qc7 28. Bf5 g6 29. Bxg6 Rg8 30. Nd5 Rxg6 31. Qxg6 1-0

[Event "Barcelona Sant Marti op-B 13th"]
[Site "Barcelona"]
[Date "2011.07.15"]
[Round "3.10"]
[White "Corominas Garrido, Jordi"]
[Black "Vargas Ramirez, Ana Maria"]
[Result "1-0"]
[WhiteElo "1897"]
[BlackElo "1776"]
[PlyCount "79"]
[EventDate "2011.07.13"]
[EventType "swiss"]
[EventRounds "9"]
[EventCountry "ESP"]
[SourceTitle "EXT 2024"]
[Source "ChessBase"]
[SourceDate "2023.10.10"]
[SourceVersion "1"]
[SourceVersionDate "2023.10.10"]
[SourceQuality "1"]

1. c4 e5 2. Nc3 Nf6 3. g3 Bc5 4. Bg2 Nc6 5. e3 0-0 6. Nge2 Re8 7. d3 d6 8. 0-0 Bg4 9. a3 a5 10. f3 Bf5 11. Kh1 Qd7 12. d4 Bb6 13. Nb5 Rad8 14. g4 Bg6 15. Ng3 h5 16. gxh5 Nxh5 17. Nxh5 Bxh5 18. d5 Ne7 19. Qd3 Ng6 20. e4 Nf4 21. Bxf4 exf4 22. Qd2 Be3 23. Qxa5 b6 24. Qc3 Re5 25. Nd4 Bxd4 26. Qxd4 Qe7 27. Qf2 Qf6 28. Rg1 Kh7 29. Bh3 Rh8 30. Bg4 Bg6 31. b4 Kg8 32. Ra2 Rh4 33. Re2 Bh5 34. a4 Re8 35. Bxh5 Rxh5 36. a5 bxa5 37. bxa5 Qc3 38. a6 Rh3 39. Rc2 Rxf3 40. Qg2 1-0